The emotionally disturbed child : (Record no. 965)

MARC details
000 -LEADER
fixed length control field 00784cam a2200277 4500
005 - DATE AND TIME OF LATEST TRANSACTION
control field 20260322212041.0
008 - FIXED-LENGTH DATA ELEMENTS--GENERAL INFORMATION
fixed length control field data
010 ## - LIBRARY OF CONGRESS CONTROL NUMBER
LC control number 74-100421
040 ## - CATALOGING SOURCE
Original cataloging agency DNLM
Transcribing agency DNLM
041 09 - LANGUAGE CODE
Language code of text/sound track or separate title eng
060 00 - NATIONAL LIBRARY OF MEDICINE CALL NUMBER
Classification number WS 350
Item number F111e 1970
090 ## - LOCALLY ASSIGNED LC-TYPE CALL NUMBER (OCLC); LOCAL CALL NUMBER (RLIN)
Classification number (OCLC) (R) ; Classification number, CALL (RLIN) (NR) LC 4165 F11e 1970
001 - CONTROL NUMBER
control field data
100 1# - MAIN ENTRY--PERSONAL NAME
Personal name Faas, Larry A.
245 14 - TITLE STATEMENT
Title The emotionally disturbed child :
Remainder of title a book of readings /
Statement of responsibility, etc. Larry A. Faas.
260 ## - PUBLICATION, DISTRIBUTION, ETC.
Place of publication, distribution, etc. Springfield, Ill.,
Name of publisher, distributor, etc. Thomas
Date of publication, distribution, etc. [c1970]
300 ## - PHYSICAL DESCRIPTION
Extent xiv, 386 p.
Other physical details illus.
500 ## - GENERAL NOTE
General note Articles reprinted from books, journals, and proceedings of meetings.
590 ## - LOCAL NOTE (RLIN)
Local note Includes bibliographies.
650 #2 - SUBJECT ADDED ENTRY--TOPICAL TERM
Topical term or geographic name entry element Affective Symptoms
650 #2 - SUBJECT ADDED ENTRY--TOPICAL TERM
Topical term or geographic name entry element Child Behavior Disorders
650 #2 - SUBJECT ADDED ENTRY--TOPICAL TERM
Topical term or geographic name entry element Education, Special
650 22 - SUBJECT ADDED ENTRY--TOPICAL TERM
Topical term or geographic name entry element Child
9 (RLIN) n
650 22 - SUBJECT ADDED ENTRY--TOPICAL TERM
Topical term or geographic name entry element Infant
9 (RLIN) n
655 #2 - INDEX TERM--GENRE/FORM
Genre/form data or focus term Collected Works
Holdings
Withdrawn status Lost status Damaged status Not for loan Home library Current library Shelving location Date acquired Total checkouts Full call number Barcode Date last seen Price effective from Koha item type
        Fairfield Fairfield General stacks 22/03/2026   GEN BC0010997 22/03/2026 22/03/2026 Books